000 00478nam a2200181Ia 4500
005 20240610023649.0
008 240331s9999 xx 000 0 und d
020 _a9559621017
082 _bDEV
_a331
245 0 _aDevelopment issues across regions :
_bwomen, land and forestry
260 _aSouth Asia
_bCORRENSA
_c1997
300 _aviii, 308 p .,
650 _aGender
650 _aWoman
650 _aproperty rights
700 _aWickremasinghe, Anoja
_eedt
942 _cL
999 _c2721
_d2721